000 00395nam a2200145Ia 4500
008 231011s9999 xx 000 0 und d
041 _aeng
082 _a332
100 _aEssvale Corporation Ltd.
245 _aCareer Guidebook for IT in Investment Management
250 _a1st
260 _bShroff Publishers & Distributers Navi Mumbai Navi Mumbai
_c2012
300 _a114
365 _b140
999 _c908241
_d908241